Central Library OPAC University of Rajshahi

ديوان الحماسه ;; Dīwān-i Ḥamāsah / (Record no. 79028)

MARC details
000 -LEADER
fixed length control field 00703cam a2200217 i 4500
001 - CONTROL NUMBER
control field 79028
003 - CONTROL NUMBER IDENTIFIER
rucl marc code BD-RjUL
005 - DATE AND TIME OF LATEST TRANSACTION
control field 20211220103420.0
008 - FIXED-LENGTH DATA ELEMENTS--GENERAL INFORMATION
fixed length control field 211220s1962 ara b 001 p ara d
035 ## - SYSTEM CONTROL NUMBER
System control number (BD-RjUL)79028
040 ## - CATALOGING SOURCE
Original cataloging agency HLS
Language of cataloging eng
Description conventions rda
Transcribing agency HLS
Modifying agency DLC
041 ## - LANGUAGE CODE
Language code of text/sound track or separate title ara
082 ## - DEWEY DECIMAL CLASSIFICATION NUMBER
Edition number 23
Classification number 892.71
Author mark and year DEH 1962
100 1# - MAIN ENTRY--PERSONAL NAME
Personal name Rafi'i, Muhammad Abdul Qadir Saeed ;; رافعي, محمد عبدالقادر سعيد
Relator term author.
9 (RLIN) 263
245 10 - TITLE STATEMENT
Title ديوان الحماسه ;; Dīwān-i Ḥamāsah /
Remainder of title /
Statement of responsibility, etc. محمد عبدالقادر سعيد الرافعي
264 #1 - PRODUCTION, PUBLICATION, DISTRIBUTION, MANUFACTURE, AND COPYRIGHT NOTICE
Place of production, publication, distribution, manufacture Misr :
Name of producer, publisher, distributor, manufacturer Matbuat tawfiq,
Date of production, publication, distribution, manufacture, or copyright notice 1962
300 ## - PHYSICAL DESCRIPTION
Pagination 258 pages ;
Size 23 cm
650 #0 - SUBJECT ADDED ENTRY--TOPICAL TERM
Form subdivision Poetry.
942 ## - ADDED ENTRY ELEMENTS (KOHA)
Source of classification or shelving scheme Dewey Decimal Classification
Koha item type Books
Holdings
Lost status Source of classification or shelving scheme Damaged status Not for loan Collection code Permanent Location Current Location Shelving location Date acquired Total Checkouts Full call number Date last seen Copy number Koha item type
  Dewey Decimal Classification   Not For Loan Non-fiction Central Library, University of Rajshahi Central Library, University of Rajshahi Reading Room 20/12/2021   A 892.71 DEH 1962 20/12/2021 C-1 Books